• 首页
  • 本馆介绍
  • 公告通知
  • 最新文献
  • 馆藏检索
  • 电子资源
  • 读者导购
  • 参考咨询
  • 我的图书馆
  • 登录
  • 详细信息显示
  • 放入我的书架
  • 预约/预借图书
  • 作者相关作品
  • 分类相关作品
  • 丛书相关作品
  • 出版社相关作品

书目信息

  • 表格格式
  • 工作单格式
  • 卡片格式
题名:
走向一体化
    
 
作者: 谢禄生著
分册:  
出版信息: 北京   红旗出版社  1998
页数: 280页
开本: 20cm
丛书名:
单 册:
中图分类: D69
科图分类:
主题词: 改革发展--研究--文稿
电子资源:
ISBN: 7-5051-0116-1
000 00577nam0 2200193 450
001 0728908250
005 20070714093636.67
010    @a7-5051-0116-1@dCNY19.80
100    @a20070709d1998 km y0chiy0120 ea
101 0  @achi
102    @aCN@b110000
200 1  @a走向一体化@Azou xiang yi ti hua@e农村改革与发展研究文稿@f谢禄生著
210    @a北京@c红旗出版社@d1998
215    @a280页@d20cm
517 1  @a农村改革与发展研究文稿@Anong cun gai ge yu fa zhan yan jiu wen gao
606 0  @a改革发展@x研究@x文稿
690    @aD69@v3
801  0 @aCN@bPFT@c20070714
905    @a10447@dD69@e141
    
    走向一体化:农村改革与发展研究文稿/谢禄生著.-北京:红旗出版社,1998
    280页;20cm
    
    
    ISBN 7-5051-0116-1:CNY19.80
    
●
相关链接 在E读中查询图书 在五车中查询图书 在当当中查询图书 在豆瓣中查询图书


正题名:走向一体化     索取号:D69/141         预约/预借

序号 登录号 条形码 馆藏地/架位号 状态 备注
1 0768690   207686903   第一样本阅览室/ [索取号:D69/141] 在馆    
唐山师范学院图书馆 欢迎您!
大连网信软件有限公司© 版权所有